00431nam a2200157Ia 450000500170000000800410001702000150005808200130007324500720008626000450015830000160020365000120021965000130023165000110024470000180025520250107025830.0240331s9999 xx 000 0 und d a0195635302 bSUBa950 0aSubaltern studies IV :bwritings on South Asian history and society aNew DelhibOxford University Pressc1985 aX, 383 p ., aHistory aColonial aSocial aGuha,R. eedt